|
|
|
|
| LEADER |
00726cam a2200205 7i4500 |
| 001 |
0000006266 |
| 005 |
20170717090000.0 |
| 020 |
|
|
|a 0201859998 (pbk.)
|
| 020 |
|
|
|a 9780201859997 (pbk.)
|
| 090 |
0 |
0 |
|a PE1128
|b .P55 1994
|
| 100 |
1 |
|
|a Blanchard, Karen Lourie
|
| 245 |
1 |
0 |
|a Ready to write :
|b a first composition text
|c Karen Blanchard, Christine Root.
|
| 250 |
|
|
|a 2nd ed.
|
| 260 |
|
|
|a Reading:
|b Addison-Wesley,
|c 1994.
|
| 300 |
|
|
|a iv, 108 p.:
|b ill.;
|c 28 cm.
|
| 650 |
0 |
0 |
|a English language
|
| 650 |
0 |
0 |
|a English language --
|x Composition and exercises
|
| 700 |
1 |
|
|a Root, Christine Baker
|
| 997 |
|
|
|a Education & Social Sciences, Faculty
|b Education, Department
|
| 999 |
|
|
|a 0000003658
|b BOK
|c OPEN SHELF
|e 1st Floor, Bestari Jaya
|